00750nam a22002057a 4500999001900000005001700019010001500036020002700051035001400078037001300092082001600105100001600121245007300137260004500210270006600255300002300321500004000344942003000384952013000414 c158281d15828120181024144625.0 aENG-124355 a9780199480142c1095.00 aEN-107887 bDBAD/PUB a305.5130954 aVaid, Divya aUneven odds:cby Divya Vaidbsocial mobility in contemporary india / aNew DelhibOxford University Pressc2018 bNew Delhie110002a2/11 Ground Floor, Ansari Road, Daryaganj, axv,339pc21cm.(Hb) aIt includes bibliography and index  2ddccENh305.5130954mVAI 001040718NFICaDBADbBNd2018-10-24eDBAD/PUBg1095.00l0o305.5130954 VAIpEN-107887r2018-10-24 00:00:00t1v1095.00yEN